Вып. 33; Автоматизация проектирования в электронике

Библиографические подробности
Источник:Автоматизация проектирования в электронике: республиканский межведомственный научно-технический сборник/ Киевский политехнический институт (КПИ). Вып. 33.— , 1978-1991.— 0320-6920
Другие авторы: Сигорский В. П. Виталий Петрович (редактор)
Язык:русский
Опубликовано: 1986
Предметы:
Формат: MixedMaterials Книга
Запись в KOHA:https://koha.lib.tpu.ru/cgi-bin/koha/opac-detail.pl?biblionumber=265884

MARC

LEADER 00000nam2a2200000 4500
001 265884
005 20231101233946.0
020 |a RU  |b 85-69862ж 
035 |a (RuTPU)RU\TPU\book\288886 
035 |a RU\TPU\book\242598 
090 |a 265884 
100 |a 20140701d1986 k a0rusy5003 ca 
101 0 |a rus 
102 |a UA 
105 |a y z 001zy 
200 0 |a Вып. 33  |f отв. ред. В. П. Сигорский 
210 |d 1986 
215 |a 134 с. 
320 |a Библиогр. в конце ст. 
461 1 |0 (RuTPU)RU\TPU\book\121569  |x 0320-6920  |t Автоматизация проектирования в электронике  |o республиканский межведомственный научно-технический сборник  |f Киевский политехнический институт (КПИ)  |v Вып. 33  |d 1978-1991 
606 1 |a Электроника  |2 stltpush  |3 (RuTPU)RU\TPU\subj\20310  |9 45419 
610 1 |a электронные приборы 
610 1 |a проектирование 
610 1 |a автоматизация 
610 1 |a электронные схемы 
610 1 |a технические средства 
610 1 |a электронная аппаратура 
675 |a 621.38  |v 3 
702 1 |a Сигорский  |b В. П.  |g Виталий Петрович  |4 340 
801 0 |a RU  |b 63413507  |c 19950704  |g psbo 
801 1 |a RU  |b 63413507  |c 20070328  |g PSBO 
801 2 |a RU  |b 63413507  |c 20151023  |g PSBO 
942 |c BK